Poznámkovanie webu
Salvato in:
| Autore principale: | |
|---|---|
| Altri autori: | |
| Natura: | Manoscritto Libro |
| Lingua: | slovacco |
| Pubblicazione: |
2016
|
| Soggetti: | |
| Accesso online: | http://is.stuba.sk/zp/portal_zp.pl?podrobnosti=106646 |
| Tags: |
Nessun Tag, puoi essere il primo ad aggiungerne!!
|
MARC
| LEADER | 00000ntm a22000003a 4500 | ||
|---|---|---|---|
| 001 | stuzp59199 | ||
| 003 | SK-STU | ||
| 005 | 20160719155807.3 | ||
| 007 | ta | ||
| 008 | 150427s2015----xo-----f-mn---000-0-slo-d | ||
| 040 | |a STU |b slo | ||
| 041 | 0 | |a slo | |
| 100 | 1 | |a Skala, Lukáš |u 070200 |4 aut |U FIIT Fakulta informatiky a informačných technológií |T FIIT Ústav informatiky, informačných systémov a softvérového inžinierstva |X 72355 |U I200 |Y 179 |7 72355 | |
| 242 | 0 | 1 | |a Annotating the web |y eng |
| 245 | 1 | 0 | |a Poznámkovanie webu |
| 260 | |c 2016 | ||
| 650 | 4 | |a poznámkovanie |2 slo | |
| 650 | 4 | |a web |2 slo | |
| 650 | 4 | |a sémantika |2 slo | |
| 650 | 4 | |a annotating |2 eng | |
| 650 | 4 | |a web |2 eng | |
| 650 | 4 | |a semantics |2 eng | |
| 700 | 1 | |a Holub, Michal |4 ths |X 17475 |7 17475 | |
| 856 | 4 | |u http://is.stuba.sk/zp/portal_zp.pl?podrobnosti=106646 | |
| 996 | |b 8117 |c I* BAP 98/2016 |l II680 |s P |a 0 |w stuzp59199_0001 | ||
| SQL | |a stuzp59199 |b DBP |c SLO |d Poznámkovanie webu |e 72355 |f Skala, Lukáš |g 070200 |h 17475 |i Holub, Michal |j 20160620 |k 202 |l 07 |m http://is.stuba.sk/zp/portal_zp.pl?podrobnosti=106646 |n B-INFO |o 9.2.1. informatika | ||